[Event "AUTO-INT-1054"]
[Site "http://www.queenalice.com/game.php?id=470813"]
[Date "2008.9.30"]
[Round "1"]
[White "Betin_cC"]
[Black "prmntgen"]
[Result "0-1"]
[WhiteElo "1380"]
[BlackElo "1492"]

1. e3 e5 2. g4 Nf6 3. Bg2 d5 4. Nc3 Bxg4 5. f3 Be6 6. f4 exf4 7. exf4 Qd6 8. Rb1
Qxf4 9. Nh3 Bxh3 10. Bxh3 Qh4+ 11. Ke2 Qxh3 12. Qe1 Be7 13. Kd1 O-O 14. Qxe7 Re8
15. Qb4 Qh5+ 16. Ne2 Qxe2# 0-1

[Event "AUTO-INT-1054"]
[Site "http://www.queenalice.com/game.php?id=470826"]
[Date "2008.9.30"]
[Round "1"]
[White "marcoswerneck"]
[Black "Betin_cC"]
[Result "1-0"]
[WhiteElo "1602"]
[BlackElo "1356"]

1. g3 e5 2. Bg2 Qf6 3. d3 Bc5 4. Nf3 e4 5. dxe4 Ne7 6. c3 O-O 7. b4 Bd6 8. Be3
b6 9. Bd4 Qe6 10. e5 Bc5 11. bxc5 bxc5 12. Qd3 cxd4 13. Nxd4 c6 14. Nxe6 dxe6
15. O-O Ba6 16. Qd6 Nf5 17. Qc5 Nd7 18. Qa5 Bc4 19. Bf3 Rfb8 20. Bxc6 Rb5 21.
Bxb5 Nxe5 22. Rd1 g6 23. Rd8+ Rxd8 24. Qxd8+ Kg7 25. Bxc4 Nxc4 26. Nd2 Ncd6 27.
Rb1 h5 28. Qa8 e5 29. Qxa7 Kh6 30. h4 g5 31. Rb6 gxh4 32. Qxf7 hxg3 33. Qxf5 h4
34. Rxd6+ Kg7 35. Qf6+ Kg8 36. Rd7 gxf2+ 37. Kxf2 h3 38. Qd8# 1-0

[Event "AUTO-INT-1054"]
[Site "http://www.queenalice.com/game.php?id=470827"]
[Date "2008.9.30"]
[Round "1"]
[White "Betin_cC"]
[Black "marcoswerneck"]
[Result "0-1"]
[WhiteElo "1363"]
[BlackElo "1576"]

1. b3 e5 2. e3 Qf6 3. Nc3 e4 4. Bb2 Bd6 5. Rb1 Qg6 6. Nxe4 f6 7. Bd3 Qf7 8. Qf3
Ne7 9. Nxf6+ gxf6 10. Bxf6 Rf8 11. Bh4 Qxf3 12. gxf3 Nbc6 13. Ne2 b6 14. Rg1 Bb7
15. Rg7 h6 16. Bxe7 Nxe7 17. Nd4 Bxf3 18. Nxf3 Rxf3 19. Ke2 Rf8 20. Rbg1 O-O-O
21. Ba6+ Kb8 22. c4 Bc5 23. Rh7 Nf5 24. e4 Rde8 25. d4 Nxd4+ 26. Kd3 Rf3+ 27.
Kd2 Bb4+ 28. Kd1 c6 29. Rxd7 Rd3+ 30. Kc1 Ne2+ 31. Kc2 Rxd7 32. Rg6 Kc7 33. a3
Bc3 34. c5 Rd2+ 35. Kb1 Rxe4 36. f3 Red4 37. Rg7+ Kd8 38. cxb6 Rd1+ 39. Kc2
R4d2# 0-1

[Event "AUTO-INT-1054"]
[Site "http://www.queenalice.com/game.php?id=470836"]
[Date "2008.9.30"]
[Round "1"]
[White "Betin_cC"]
[Black "moronipimenta"]
[Result "0-1"]
[WhiteElo "1368"]
[BlackElo "1638"]

1. b3 g6 2. Bb2 Nf6 3. e4 Bg7 4. Qf3 e5 5. Bc4 O-O 6. Bxe5 c6 7. Nh3 d5 8. Ng5
Nxe4 9. Qh3 Nxg5 10. Qh4 Bxe5 11. Bd3 Na6 12. Nc3 Bf6 13. O-O-O Ne4 14. Rde1
Bxh4 15. Bxe4 Bxf2 16. Re2 dxe4 17. Rxf2 Re8 18. Rhf1 e3 19. dxe3 Rxe3 20. Rxf7
Rxc3 21. Kb2 Qd2 22. Rf8+ Kg7 23. R1f7+ Kh6 24. Rh8 Rxc2+ 25. Ka3 Qb4# 0-1

[Event "AUTO-INT-1054"]
[Site "http://www.queenalice.com/game.php?id=470837"]
[Date "2008.9.30"]
[Round "1"]
[White "moronipimenta"]
[Black "Betin_cC"]
[Result "0-1"]
[WhiteElo "1613"]
[BlackElo "1273"]

1. Nf3 e6 2. Nc3 b5 3. Nxb5 g5 4. Nxg5 Qxg5 5. Nxc7+ Ke7 6. Nxa8 Bb7 7. e3 Bxa8
8. f4 Qf5 9. Bd3 Qf6 10. Qg4 Nh6 11. Qh3 Rg8 12. Rg1 Ke8 13. e4 Rg4 14. Qf3 d5
15. h3 dxe4 16. Bxe4 Bxe4 17. Qxe4 Bc5 18. Rf1 Qh4+ 19. Rf2 Bxf2+ 20. Kd1 Rxf4
21. Qxh7 Re4 22. c3 Re1+ 23. Kc2 Be3 24. Qh8+ Ke7 25. dxe3 Nc6 26. Kb3 Na5+ 27.
Ka3 Nf5 28. Qxh4+ Nxh4 29. g3 Nf5 30. Ka4 Nc4 31. g4 Nfd6 32. e4 Rxe4 33. b3
Nb6+ 34. Ka5 Re5+ 35. Ka6 Ndc8 36. c4 Nd7 37. Bf4 Rc5 38. h4 e5 39. Be3 Rc6+ 40.
Kb7 Kd6 41. Rd1+ Ke7 42. Kxc6 a5 43. Rxd7+ Kf6 44. Bg5+ Kg6 45. Rc7 e4 46. Rxc8
f6 47. Rg8+ Kf7 48. Rh8 fxg5 49. Kb5 gxh4 50. Rxh4 e3 51. Kxa5 e2 0-1

[Event "Challenge"]
[Site "http://www.queenalice.com/game.php?id=471921"]
[Date "2008.10.2"]
[Round "-"]
[White "Betin_cC"]
[Black "lala"]
[Result "0-1"]
[WhiteElo "1374"]
[BlackElo "1358"]

1. e3 e5 2. d4 d6 3. Qf3 Be7 4. Nh3 Nf6 5. Nc3 O-O 6. dxe5 dxe5 7. e4 Nc6 8. Bg5
Bg4 9. Qg3 Qd4 10. Bd3 Nb4 11. Rd1 Rad8 12. f3 Bh5 13. Rd2 Bg6 14. Qf2 h6 15.
Nf4 hxg5 16. Qxd4 exd4 17. Ncd5 Bd6 18. e5 Bxe5 0-1

[Event "Challenge"]
[Site "http://www.queenalice.com/game.php?id=472366"]
[Date "2008.10.3"]
[Round "-"]
[White "Fernando_cun"]
[Black "Betin_cC"]
[Result "1-0"]
[WhiteElo "1414"]
[BlackElo "1339"]

1. e4 e6 2. Nf3 Qf6 3. d3 Bb4+ 4. Bd2 Bc5 5. Nc3 b5 6. Bg5 Qg6 7. Nxb5 Na6 8. d4
Bd6 9. Nxd6+ cxd6 10. a4 Rb8 11. b3 Nb4 12. Bd3 Bb7 13. e5 Qh5 14. exd6 Rc8 15.
Qd2 a5 16. c3 Nc6 17. b4 axb4 18. cxb4 f6 19. Bh4 e5 20. dxe5 Nh6 21. Bc4 Nxe5
22. Nxe5 Qxe5+ 23. Qe2 Rxc4 24. Qxe5+ fxe5 25. O-O Rxh4 26. Rfc1 Kf7 27. a5 Rg4
28. Rc7 Rxg2+ 29. Kf1 Bd5 30. Rxd7+ Kf6 31. Rc7 Rxh2 32. d7 Bg2+ 33. Kg1 Rh1+
34. Kxg2 Rxa1 35. Rc8 Rxc8 36. dxc8=Q e4 37. b5 Rxa5 38. Qd8+ Kf7 39. Qxa5 e3
40. fxe3 Ng4 41. e4 h5 42. Kg3 g5 43. b6 Ne5 44. b7 1-0

[Event "Challenge"]
[Site "http://www.queenalice.com/game.php?id=473318"]
[Date "2008.10.5"]
[Round "-"]
[White "Bessi"]
[Black "Betin_cC"]
[Result "1-0"]
[WhiteElo "1473"]
[BlackElo "1326"]

1. e4 e6 2. d4 Qf6 3. a3 Nh6 4. Nf3 Bd6 5. e5 Qe7 6. Bg5 f6 7. exd6 cxd6 8. Bf4
e5 9. dxe5 dxe5 10. Bg3 b6 11. Qd5 Nc6 12. Bb5 Qe6 13. Qxe6+ dxe6 14. Bxc6+ 1-0

[Event "Irm´aNde"]
[Site "http://www.queenalice.com/game.php?id=473656"]
[Date "2008.10.6"]
[Round "-"]
[White "Betin_cC"]
[Black "sebastiam"]
[Result "0-1"]
[WhiteElo "1363"]
[BlackElo "1634"]

1. e3 f6 2. Qf3 Nh6 3. b4 e5 4. Bb2 Bxb4 5. c3 Bc5 6. g4 f5 7. gxf5 Qf6 8. Nh3
c6 9. Rg1 b5 10. Rg5 O-O 11. c4 Re8 12. Nc3 e4 13. Qf4 bxc4 14. d3 Bd6 15. Qxd6
Qxd6 16. dxc4 Na6 17. Ba3 Qxa3 18. Nf4 Nb4 19. Rb1 Nc2+ 20. Ke2 Qxc3 21. Nd5
Qd3# 0-1